01165nam a2200313 a 4500001001200000003000800012006001900020007001500039008004100054010001700095020005600112020002700168040002100195035002100216050002400237100002100261245007700282250001200359260004600371300002300417500002000440533015200460650002000612650003000632655002900662710001700691856012600708999001700834ebr10394972CaPaEBRm u cr cn|||||||||100205s2011 maua s 001 0 eng  z 2010922090 z1435456726 (softcover with bind-in cd : alk. paper) z9781435456730 (e-book) aCaPaEBRcCaPaEBR a(OCoLC)65078500114aML1380b.H49 2011eb1 aHewitt, Michael.10aHarmony for computer musiciansh[electronic resource] /cMichael Hewitt. a1st ed. aBoston, Mass. :bCengage Learning,c2011. axv, 282 p. :bill. aIncludes index. aElectronic reproduction.bPalo Alto, Calif. :cebrary,d2010.nAvailable via World Wide Web.nAccess may be limited to ebrary affiliated libraries. 0aComputer music. 0aMusicxComputer programs. 7aElectronic books.2local2 aebrary, Inc.40uhttp://site.ebrary.com/lib/rucke/Doc?id=10394972zAn electronic book accessible through the World Wide Web; click to view c88229d88229